000 00639nam a2200193Ia 4500
003 IN-BaIIA
008 211028s9999 xx 000 0 eng d
040 _cIIA Library
080 _a535.4
_bKER
100 _aKerker, Milton
_96175
245 4 _aThe scattering of light and other electromagnetic radiation
_cMilton Kerker
260 _aNew York
_bAcademic Press
_c1969
300 _axv, 666p.
490 _aPhysical chemistry, a series of monographs; v. 16
650 _aAstronomy and astrophysics thesaurus
650 _aLight scattering
_93487
650 _aScattering
_93302
942 _cBK
999 _c3490
_d3490